State of wonder (Record no. 114857)

MARC details
000 -LEADER
fixed length control field 00442 a2200169 4500
005 - DATE AND TIME OF LATEST TRANSACTION
control field 20260417095904.0
008 - FIXED-LENGTH DATA ELEMENTS--GENERAL INFORMATION
fixed length control field 251130b |||||||| |||| 00| 0 eng d
020 ## - INTERNATIONAL STANDARD BOOK NUMBER
International Standard Book Number 9781408881507
080 ## - UNIVERSAL DECIMAL CLASSIFICATION NUMBER
Universal Decimal Classification number F
Item number PAT/S
100 ## - MAIN ENTRY--PERSONAL NAME
Personal name Patchett, Ann
245 ## - TITLE STATEMENT
Title State of wonder
260 ## - PUBLICATION, DISTRIBUTION, ETC. (IMPRINT)
Name of publisher, distributor, etc Bloomsbury
Place of publication, distribution, etc London
Date of publication, distribution, etc 2016
300 ## - PHYSICAL DESCRIPTION
Extent 390p
653 ## - INDEX TERM--UNCONTROLLED
Uncontrolled term Fiction - Novel - English Literature
653 ## - INDEX TERM--UNCONTROLLED
Uncontrolled term Adventure – Scientific expedition
942 ## - ADDED ENTRY ELEMENTS (KOHA)
item type Books
Holdings
Lost status Source of classification or shelving scheme Not for loan Home library Current library Shelving location Date acquired Cost, normal purchase price Total Checkouts Full call number Barcode Date last seen Cost, replacement price Price effective from Koha item type
  Universal Decimal Classification Not For Loan University Library University Library On Display 17/03/2025 479.20   F PAT/S 00097195 17/03/2025 599.00 17/03/2025 Books
University Library, CUSAT